000 01066nam a2200289 4500
001 120147
003 ES-MaACL
005 20230906191456.0
007 t|
008 070214s1948 sp r ||||1| spa d
100 0 _aPío
_bXII,
_cPapa.
_992302
245 1 0 _aPío XII y Roosevelt
_b: su correspondencia durante la guerra /
_ccon introducción y notas explicativas por Myron C. Taylor ; [versión española de Santiago Magariños].
250 _a1ª ed.
260 _aMadrid :
_bEdiciones y Publicaciones Españolas,
_c1948.
300 _a192 p., 2 lám. ;
_c22 cm.
490 1 _aTemas actuales
600 0 4 _aPío
_bXII,
_cPapa.
_992302
600 1 4 _aRoosevelt, Franklin D.
_999530
610 2 4 _aIglesia Católica-
_xRelaciones-
_zEstados Unidos.
_9171907
651 4 _aEstados Unidos-
_xRelaciones-
_xIglesia Católica.
_9171908
700 1 _aRoosevelt, Franklin D.
_999530
700 1 _aTaylor, Myron C.
_9109464
700 1 _aMagariños, Santiago.
_975453
830 1 _aTemas actuales
_9180872
852 _aES-MaACL
_jC-5364
999 _c120147
_d120147